Emerging issues in economic development : (Record no. 85137)

MARC details
000 -LEADER
fixed length control field 00823nam a22002177a 4500
005 - DATE AND TIME OF LATEST TRANSACTION
control field 20140619150651.0
010 ## - LCCN (DPL NO)
LC control number ENG-110338
020 ## - INTERNATIONAL STANDARD BOOK NUMBER
International Standard Book Number 9780198099062
Terms of availability 1150.00
020 ## - INTERNATIONAL STANDARD BOOK NUMBER
International Standard Book Number 0198099061
Terms of availability 1150.00
035 ## - SYSTEM CONTROL NUMBER
System control number EN-93870
037 ## - SOURCE OF ACQUISITION
Source of stock number/acquisition DBAD/PUB
082 ## - DEWEY DECIMAL CLASSIFICATION NUMBER
Classification number 330.954
245 ## - TITLE STATEMENT
Title Emerging issues in economic development :
Statement of responsibility, etc edited by Sugata Marjit [and] Meenakshi Rajeev
Remainder of title a contemporary theoretical perspective : essays in honour of Dipankar Dasgupta [and] Amitava Bose
260 ## - PUBLICATION, DISTRIBUTION, ETC. (IMPRINT)
Place of publication, distribution, etc New Delhi
Name of publisher, distributor, etc Oxford University Press
Date of publication, distribution, etc 2014
270 ## - ADDRESS
Address YMCA Library Building, 1 Jai Singh Road
City New Delhi
Postal code 110001
300 ## - PHYSICAL DESCRIPTION
Extent xxviii,300p.
Dimensions 23cm(Hb)
500 ## - GENERAL NOTE
General note Includes bibliographical references and index
600 ## - SUBJECT ADDED ENTRY--PERSONAL NAME
Personal name Marjit, Sugata
600 ## - SUBJECT ADDED ENTRY--PERSONAL NAME
Personal name Meenakshi Rajeev
942 ## - ADDED ENTRY ELEMENTS (KOHA)
Source of classification or shelving scheme Dewey Decimal Classification
Item type English Books
Call number suffix EME
Classification part 330.954
Holdings
Withdrawn status Lost status Not for loan Collection code Home library Current library Date acquired Source of acquisition Cost, normal purchase price Full call number Barcode Copy number Cost, replacement price Koha item type
    Not For Loan Non-fiction D.B.Act.Division D.B.Act.Division 13/06/2014 ENG-110338 1150.00 330.954 EME EN-93870 1 1150.00 English Books

© Delhi Public Library
Hit Counter
free hit counter